000 00590nam a2200217Ia 4500
003 OSt
005 20220926043130.0
006 a|||||r|||| 00| 0
007 ta
008 220923b |||||||| |||| 00| 0 eng d
037 _cGeneral Book
040 _aRTL
_cRTL
_beng
041 _2eng
_aeng
082 _aY5.73.N5, K0
100 _aPackard Vance
_988297
245 0 _aStatus seekers
_b An exploration of class behaviour
260 _c1960
650 _aSocial Stratification
_9229881
942 _hY5.73.N5, K0
_cGB
_2CC
999 _c671516
_d671516